Aquaculture planning : Policy formulation and implementation for sustainable development

This paper provides practical guidance to aquaculture policy-makers and implementers on policy formulation and processes. It starts by reviewing governance concepts and international policy agendas relevant to aquaculture development and proceeds by defining "policy", "strategy"...

詳細記述

保存先:
書誌詳細
フォーマット: 図書
言語:Undetermined
出版事項: Rome FAO 2010
主題:
タグ: タグ追加
タグなし, このレコードへの初めてのタグを付けませんか!
Thư viện lưu trữ: Trung tâm Học liệu Trường Đại học Cần Thơ
LEADER 01111nam a2200241Ia 4500
001 CTU_233012
008 210402s9999 xx 000 0 und d
082 |a 639 
082 |b A656/N542 
245 0 |a Aquaculture planning : 
245 0 |b Policy formulation and implementation for sustainable development 
245 0 |c Cécile Brugère ... [et al.]. 
260 |a Rome 
260 |b FAO 
260 |c 2010 
520 |a This paper provides practical guidance to aquaculture policy-makers and implementers on policy formulation and processes. It starts by reviewing governance concepts and international policy agendas relevant to aquaculture development and proceeds by defining "policy", "strategy" and "plan" while explaining common planning terminology. The paper proposes practical steps for improving policy formulation processes 
526 |a Quy hoạch và phát triển nghề cá 
526 |b TS633 
650 |a Aquaculture 
650 |x Planning. 
904 |i Nguyễn Quang Điền, 980325 
910 |a Tuyến 
980 |a Trung tâm Học liệu Trường Đại học Cần Thơ